Statistics for US City Flags, Pt. 4

Click here to take the quiz!

General Stats

  • This quiz has been taken 15 times
  • The average score is 9 of 23

Answer Stats

Answer% Correct
Montgomery
67%
San Francisco
67%
Baltimore
50%
Lexington
50%
Portland
50%
San Jose
50%
Toledo
50%
Albany
33%
Allentown
33%
Anaheim
33%
Baton Rouge
33%
Bozeman
33%
Charleston
33%
Charlotte
33%
Chattanooga
33%
Fort Collins
33%
Louisville
33%
Mobile
33%
Oxnard
33%
Rochester
33%
Shreveport
33%
Bangor
17%
Las Cruces
17%

Score Distribution

Percentile by Number Answered

Percent of People with Each Score

Your Score History

You have not taken this quiz